Statistics for Брзо куцање од А до Ш

Click here to take the quiz!

General Stats

  • This quiz has been taken 711 times
  • The average score is 15 of 30

Answer Stats

Одговор% Correct
А
96%
Б
94%
Д
92%
В
91%
Ђ
91%
Г
89%
Е
72%
З
66%
Ж
65%
И
57%
Ј
56%
К
56%
Л
53%
Н
48%
М
44%
О
40%
П
38%
Р
38%
С
38%
Т
35%
Ш
35%
Љ
30%
Ћ
29%
Ф
28%
Ц
28%
Ч
28%
У
27%
Њ
26%
Х
22%
Џ
5%

Score Distribution

Percentile by Number Answered

Percent of People with Each Score

Your Score History

You have not taken this quiz